| 000 | 00540nam a2200169 a 4500 | ||
|---|---|---|---|
| 001 | 000036238 | ||
| 005 | 20200930075629.0 | ||
| 008 | 120111s1961 sp 000 0 spa d | ||
| 040 |
_aDO-SdBNP _bspa _cBNPHU |
||
| 100 | 1 |
_aSwinnerton, H. H. _962319 |
|
| 240 | 1 | 0 |
_aOutlines of palaeontology _lEspañol |
| 245 | 1 | 0 |
_aElementos de paleontología / _cH. H. Swinnerton. |
| 260 |
_aBarcelona : _bOmega, _c1961. |
||
| 300 |
_a414 p. : _bil. ; _c22 cm. |
||
| 500 | _aTraducido del idioma inglés | ||
| 700 | 1 |
_aGómez Tabanera, José Manuel _etr. _962320 |
|
| 999 |
_c35729 _d35729 |
||